| 000 | 004220000a22001810004500 | ||
|---|---|---|---|
| 003 | MACL | ||
| 005 | 20150913144857.0 | ||
| 008 | 150913b xxu||||| |||| 00| 0 eng d | ||
| 040 |
_aMACL _cMACL |
||
| 041 | _aEnglish | ||
| 082 | _a823 | ||
| 100 |
_aCunha, Nandita da _910768 |
||
| 245 | _aThe Magic of Maya | ||
| 260 |
_bRupa & Co _c2006 _aNew Delhi |
||
| 350 | _a295 | ||
| 650 |
_aFicition _910769 |
||
| 942 |
_cBK _k823 _2ddc |
||
| 999 |
_c8385 _d8385 |
||